000
00293nam a2200145Ia 4500
100
_a
Waugh/Ian
650
_a
General
942
_c
BK
245
_a
Commodore 64 music
260
_b
Sunshine Books
_a
London
_c
1985
082
_a
1.64
_b
WAU
300
_a
212
546
_a
ENGLISH
999
_c
28507
_d
28507